Регионална библиотека "Любен Каравелов" - Русе

Миналото лято в Чулимск (Запис номер 42475)

MARC детайли
000 -Лидер
Контролно поле с фиксирана дължина nam a22 a 4500
003 - Код на организацията, давaща контролен номер
Контролно поле BLK
005 - Дата и час на последна редакция
Контролно поле 20230404030332.0
008 - Елементи от данни с фиксирана дължина
fixed length control field 180408b bul|||||r ||||||| ||bul||
010 ## - Наследен системен номер
LC control number KNG00046140000
040 ## - Източник на каталожния запис
Идентификатор на билиотеката - собственик на записа BLK
041 ## - Код за език
Код за езика на текст/звукозапис или на отделно заглавие Български
Код за езика КДБФ Български
080 ## - УДК
Текстов определител УДК Руска литература
УДК код - определител по УДК 821.161.1
УДК определител -2
УДК - код + определител 821.161.1-2
100 1# - Редна дума - Автор
Автор Вампилов, Александър Валентинович
Авторска отговорност първи автор
R(LIN) 45262
139 ## - Редно поле
Редна дума Вампилов, Александър Валентинович
Авторски знак Вал - В 18
245 10 - Сведения за заглавието
Заглавие Миналото лято в Чулимск
Подзаглавни данни Драма в 2 д.
Редно поле (дума) Александър Валентинович Вампилов; прев. от рус. Стефан Неделчев Цанев; предг. от Гочо Гочев.
257 ## - Страна на издаване
Страна на създаване/издаване СССР
260 ## - Област на издателските данни
Име на издателя, разпространителя и проч. Нар. култура
Година на издаване 1978
Място на издаване, разпространение и проч. София
300 ## - Физическа характеристика
Страници 120 с.
Размери/Мащаб 20 см
380 ## - Жанр
Жанр Худож. лит.
490 ## - СЕРИИ (Колекции)
Име на серия Библиотека Театър
№: серия № 48
9 (RLIN) 204428
500 ## - Общи забележки
Забележка Ориг. загл. Прошлым летом в Чулимске. - 1 625 тир.
700 1# - Други автори (авторска отговорност)
Лично име Цанев, Стефан Неделчев
Дати, свързани с автора 1936-
Друга информация Писател, поет, драматург.
9 (RLIN) 364639
700 1# - Други автори (авторска отговорност)
Лично име Гочев, Гочо
Автороска отговорност (Описва отношението между автора и произведението) предг. от
9 (RLIN) 278224
852 ## - Местоположение
Форматна сигнатура Цб 93162
856 4# - Електронен адрес и достъп
Електронен формат pdf - файл
Инструкция (цена за достъп) 0.00
Права за достъп disable
856 4# - Електронен адрес и достъп
Електронен формат pdf - файл
Инструкция (цена за достъп) 0.00
Права за достъп disable
999 ## - СИСТЕМНИ КОНТРОЛНИ НОМЕРА
Koha biblionumber 42475
Koha biblioitemnumber 42475
942 ## - АРТИКУЛИ
Вид на библиотечния материал Книги
Скрит в OPAC Не
Периодичен библиозапис Да
944 ## - СЪЗДАВАНЕ И РЕДАКЦИЯ на ЗАПИСА
Създаване/Редакция Създаване
Дата на регистрацията/редакция 31.08.2016
Служител, извършил регистрацията/редакцията Кети_Илиева
944 ## - СЪЗДАВАНЕ И РЕДАКЦИЯ на ЗАПИСА
Създаване/Редакция Редакция
Дата на регистрацията/редакция 31.08.2016
Служител, извършил регистрацията/редакцията Кети_Илиева
999 ## - СИСТЕМНИ КОНТРОЛНИ НОМЕРА
Koha biblioitemnumber 42475
Наличности
Код за отписване Код за изгубен артикул Източник на класификационната схема Код за повреда Коз за рестрикции Код за отдаване Артикулен № Име на библиотеката - собственик Име на библиотеката, в която се намира в момента Статус (Текущо местоположение) Дата на вписване в системата Местоположение - отдел Цена в лева Инвентарен номер Систематично азбучна сигнатура Баркод Номер на екземпляра Цена в евро Служебна бележка Служебен тип на артикула
  Не е изгубен Universal Decimal Classification Не е повреден без рестрикции ползва се в читалня 66835 Регионална библиотека "Любен Каравелов" Русе Регионална библиотека "Любен Каравелов" Русе Хранилище 1978-01-01 Хранилище 0.76 261201 Цб 93162 120000261201 1 0.39 Вид: Сф Дата: 01.01.1978 Книги
Изтеглен Не е изгубен Universal Decimal Classification Не е повреден без рестрикции заемане за дома 66836 Регионална библиотека "Любен Каравелов" Русе Регионална библиотека "Любен Каравелов" Русе Заемна - подръчен фонд 1978-01-01 Заемна - подръчен фонд 0.76 263185 П 882-2/В 18 263185 2 0.39 Вид: Сф Дата: 01.01.1978 Книги
Vip Innovations Ltd, Rousse, Bulgaria 2025